| 000 | 00485nmm a2200193 i 4500 | ||
|---|---|---|---|
| 001 | bgj | ||
| 100 | 1 | _aREAD, Carol | |
| 245 | 1 | 0 |
_aBugs : _bDVD / _cCarol Read, Ana Soberon, Joanna Spencer. |
| 260 |
_a[Warszawa] : _bMacmillan, _cc. 2004. |
||
| 300 | _aDVD. | ||
| 650 | 9 | _aEnglish language | |
| 655 | _aTextbooks for children | ||
| 020 | _a8389162725 | ||
| 040 | _cBPK | ||
| 041 | 0 | _aeng | |
| 920 | _a83-89162-72-5 | ||
| 942 | _cDVD | ||
| 008 | s uk f |000 0 eng | ||
| 999 |
_c41253 _d41253 |
||
| 856 |
_uhttp://koha.tu.koszalin.pl/cgi-bin/koha/opac-detail.pl?biblionumber=41253 _yKatalog online BPK |
||